Hodnocení inovační výkonnosti v EU: nová zjištění a setrvalé problémy

Multikriteriálne hodnotenie inovačnej výkonnosti EÚ. Rozdiely medzi inovačnou výkonnosťou mimoeurópskych krajín a EÚ - 27. Súhrnný inovačný index EÚ 27. Problémy súčasného hodnotenia inovačnej výkonnosti.

Na minha lista:
Detalhes bibliográficos
Autor principal: Mráček, Karel
Formato: Capítulo de Livro
Idioma:tcheco
Assuntos:
Tags: Adicionar Tag
Sem tags, seja o primeiro a adicionar uma tag!

MARC

LEADER 00000naa a2200000 4500
001 0129108
005 20221025092308.6
041 0 |a cze 
044 |a CZ 
245 1 0 |a Hodnocení inovační výkonnosti v EU: nová zjištění a setrvalé problémy  |c Karel Mráček 
520 |a Multikriteriálne hodnotenie inovačnej výkonnosti EÚ. Rozdiely medzi inovačnou výkonnosťou mimoeurópskych krajín a EÚ - 27. Súhrnný inovačný index EÚ 27. Problémy súčasného hodnotenia inovačnej výkonnosti. 
610 2 0 |a Európska únia 
610 2 0 |a výkonnosť ekonomiky 
610 2 0 |a stratégia inovačná 
610 2 0 |a porovnanie medzinárodné 
610 2 0 |a USA 
610 2 0 |a Japonsko 
610 2 0 |a konkurencieschopnosť 
610 2 0 |a výskum 
610 2 0 |a vývoj 
100 1 |a Mráček, Karel